| 000 | 00666nam a22001817a 4500 | ||
|---|---|---|---|
| 005 | 20120201152027.0 | ||
| 008 | 120201t xxu||||| |||| 00| 0 eng d | ||
| 020 |
_a8120316703 _c195.00 |
||
| 035 | _aA-998588 | ||
| 040 |
_aDPL _bENG |
||
| 100 |
_aHawryszkiewycz, Igor _940545 |
||
| 245 |
_aIntroduction to systems analysis and design / _cby Igor Hawryszkiewycz |
||
| 250 | _a4th ed. | ||
| 260 |
_aNew Delhi _bPrentice-Hall of India _c2000 |
||
| 300 |
_axviii, 483p. _c24 cms. |
||
| 942 |
_2ddc _cEN _h003.3 _mHOW |
||
| 999 |
_c61765 _d61765 |
||